|
|
|
|
| LEADER |
01372nam a2200397 a 4500 |
| 001 |
nkc20091962785 |
| 003 |
CZ PrNK |
| 005 |
20100112101511.0 |
| 007 |
ta |
| 008 |
090610s2009 xr a g 000 0 eng |
| 015 |
|
|
|a cnb001962785
|
| 020 |
|
|
|a 978-80-253-0825-7
|q (brož.)
|
| 035 |
|
|
|a (OCoLC)500003074
|
| 040 |
|
|
|a OLA001
|b cze
|d BOA001
|d ABA001
|
| 041 |
0 |
|
|a eng
|a cze
|
| 072 |
|
7 |
|a 811.111
|x Angličtina
|2 Konspekt
|9 11
|
| 080 |
|
|
|a 811.111
|2 MRF
|
| 080 |
|
|
|a (076.3)
|2 MRF
|
| 100 |
1 |
|
|a Dostálová, Iva,
|d 1964-
|7 mzk2005300601
|4 aut
|
| 245 |
1 |
0 |
|a WC English :
|b nepro--te už ani minutu! : cvičení z angličtiny na každý den /
|c Iva Dostálová a James Branam
|
| 246 |
3 |
0 |
|a Cvičení z angličtiny na každý den
|
| 250 |
|
|
|a 1. vyd.
|
| 260 |
|
|
|a Praha :
|b Fragment,
|c 2009
|
| 300 |
|
|
|a [156] s. :
|b il. ;
|c 12 x 17 cm
|
| 500 |
|
|
|a Zelená obálka s červeným názvem
|
| 500 |
|
|
|a Tištěno napříč
|
| 650 |
0 |
7 |
|a angličtina
|7 ph114056
|2 czenas
|
| 650 |
0 |
9 |
|a English language
|2 eczenas
|
| 655 |
|
7 |
|a diktáty a cvičení
|7 fd186920
|2 czenas
|
| 655 |
|
9 |
|a language exercises and dictations
|2 eczenas
|
| 700 |
1 |
|
|a Branam, James,
|d 1963-
|7 xx0011102
|4 aut
|
| 910 |
2 |
|
|a BOA001
|b 1-1232.498
|
| 990 |
|
|
|a BK
|
| 995 |
|
|
|a 01
|
| 991 |
|
|
|b 200911
|c NOV
|
| 996 |
6 |
|
|b 2610395989
|c 1-1232.498
|l MZK
|r Sklad / do 1 hodiny
|n 1
|p p.v.
|w 000975076
|u 000010
|a 1
|e BOA001
|j MZK50
|s P
|